000 00818nam a22002177a 4500
005 20081022111821.0
008 081022t xxu||||| |||| 00| 0 eng d
010 _aENG-84290
020 _a0195684990
020 _c695.00 (hb)
035 _aEN-67823
082 _a306.810954
100 _aChowdhry, Prem
245 _aContentious marriages, eloping couples:
_bgender, caste and patriarchy in northern India /
_cby Prem Chowhdry
260 _aNew Delhi
_bOxford University Press
260 _c2007
300 _ax,347p
_c22cm
500 _aIncludes bibliographical references and index
942 _2ddc
_cEN
_h306.810954
_mCHO
999 _c17629
_d17629